Statystyki dla CO UNOSI SIĘ NA WODZIE?

Kliknij tutaj aby rozwiązać quiz!

Ogólne statystyki

  • Ten quiz został rozwiązany 26 razy
  • Średni wynik to 2 z 7

Statystyki odpowiedzi

Odpowiedź% Poprawnych
DREWNO
53%
MATERAC
41%
PONTON
35%
PIŁKA
29%
BOJA
18%
OLEJE
12%
POJAZD WODNY
6%

Rozkład punktacji

Percentyl według liczby udzielonych odpowiedzi

Procent ludzi z każdym wynikiem

Twoja historia wyników

Nie rozwiązałeś tego quizu